书目信息 |
| 题名: |
弹词开篇集
|
|
| 作者: | ;上海文艺出版社 编辑 | |
| 分册: | ||
| 出版信息: | 上海 编者 1979 |
|
| 页数: | 369页 | |
| 开本: | 19cm | |
| 丛书名: | 曲艺创作丛书 | |
| 单 册: | ||
| 中图分类: | J644 | |
| 科图分类: | ||
| 主题词: | 弹词-乐曲--中国--现代--选集 , 乐曲-弹词--中国--现代--选集 | |
| 电子资源: | ||
| ISBN: | ||
| 000 | 00703nam2 2200253 45 | |
| 001 | 0179002556 | |
| 005 | 20060802104555.14 | |
| 010 | @dCNY0.91 | |
| 091 | @aCN@b8078.3051 | |
| 100 | @a19950724d1979 em y0chiy0121 ea | |
| 101 | 0 | @achi |
| 102 | @aCN@b310000 | |
| 105 | @ag z 000yy | |
| 200 | 10 | @a弹词开篇集@Atan ci kai pian ji@f上海文艺出版社编辑 |
| 210 | @a上海@c编者@d1979 | |
| 215 | @a369页@d19cm | |
| 225 | 2 | @a曲艺创作丛书 |
| 410 | 0 | @120010@a曲艺创作丛书 |
| 606 | @a弹词-乐曲@y中国@z现代@x选集 | |
| 606 | @a乐曲-弹词@y中国@z现代@x选集 | |
| 690 | @aJ644@v3 | |
| 711 | 02 | @a上海文艺出版社@Ashang hai wen yi chu ban she@4编辑 |
| 801 | 0 | @aCN@bTSSF@c20060802 |
| 905 | @a10447@dJ644@e185 | |
| 弹词开篇集/上海文艺出版社编辑.-上海:编者,1979 |
| 369页;19cm.-(曲艺创作丛书) |
| ISBN :CNY0.91 |
| ● |
| 相关链接 |
|
|
|
|
正题名:弹词开篇集
索取号:J644/185
 
预约/预借
| 序号 | 登录号 | 条形码 | 馆藏地/架位号 | 状态 | 备注 |
| 1 | 0444232 | 204442326 | 密集书库/ [索取号:J644/185] | 在馆 | |
| 2 | 0475399 | 204753999 | 密集书库/ [索取号:J644/185] | 在馆 |